000 00566nab a2200157Ia 4500
003 ES-SlBCS
005 20210601124801.0
008 140529s2005 xxu||||| |||| 00| 0 eng d
041 _aeng
100 1 _aAtkinson, Maxine
_9146947
245 0 0 _aFor Women, Breadwinning Can Be Dangerous: Gender Resource Theory and Wife Abuse
_c Maxine Atkinson, Theodore Greenstein
650 0 4 _aViolencia de Género
_9128012
700 1 _aGreenstein, Theodore
_9145464
773 0 _tJournal of Marriage and the Family
_gvol. 67, nº. 5, 2005, págs. 1137-1148
_wRev1406
942 _cAR
999 _c519563
_d519563